| 000 -LEADER | |
|---|---|
| fixed length control field | 00462nam a22001697a 4500 |
| 005 - DATE AND TIME OF LATEST TRANSACTION | |
| control field | 20230816120818.0 |
| 008 - FIXED-LENGTH DATA ELEMENTS--GENERAL INFORMATION | |
| fixed length control field | 230816b |||||||| |||| 00| 0 eng d |
| 020 ## - INTERNATIONAL STANDARD BOOK NUMBER | |
| ISBN | 978-81-239-2590-5 |
| 041 ## - LANGUAGE CODE | |
| Language code of text/sound track or separate title | eng |
| 082 ## - DEWEY DECIMAL CLASSIFICATION NUMBER | |
| Classification number | 613.04 |
| 100 ## - MAIN ENTRY--AUTHOR NAME | |
| Personal name | SINGH, MEHARBAN |
| 245 ## - TITLE STATEMENT | |
| Title | A TO Z CHILD CARE: a ready reekoner everything you wanted to know about child health and diseases |
| 260 ## - PUBLICATION, DISTRIBUTION, ETC. (IMPRINT) | |
| Place of publication | NEW DELHI |
| Name of publisher | CBS |
| 300 ## - PHYSICAL DESCRIPTION | |
| Number of Pages | 344;p |
| 650 ## - SUBJECT ADDED ENTRY--TOPICAL TERM | |
| Topical Term | BPT |
| 942 ## - ADDED ENTRY ELEMENTS (KOHA) | |
| Koha item type | Books |
| Lost status | Damaged status | Collection code | Home library | Current library | Shelving location | Date acquired | Source of acquisition | Cost, normal purchase price | Full call number | Accession Number | Koha item type |
|---|---|---|---|---|---|---|---|---|---|---|---|
| Reference | JRU Library | JRU Library | SHELF- 8- B | 05/08/2023 | PURCHASE | 325.00 | 613.04 | 27813 | Books | ||
| PHYSIOTHERAPY | JRU Library | JRU Library | SHELF-20-E | 05/08/2023 | PURCHASE | 325.00 | 613.04 | 27814 | Books | ||
| PHYSIOTHERAPY | JRU Library | JRU Library | SHELF-20-E | 05/08/2023 | PURCHASE | 325.00 | 613.04 | 27815 | Books |